| 000 | nam a22 7a 4500 | ||
|---|---|---|---|
| 999 |
_c15823 _d15823 |
||
| 008 | 161105b xxu||||| |||| 00| 0 eng d | ||
| 020 | _a0155927019 | ||
| 050 | _aQH 308.2 .G88 1983 | ||
| 100 | _aGuttman,Burton S. | ||
| 245 |
_aUnderstanding biology/ _cBurton S.Guttman and Johns W.Hopkins. |
||
| 260 |
_aNew York : _bHarcourt Brace Jovanovich,Inc. , _cc1983. |
||
| 300 |
_axxii, 988p. : _bill.(some col) ; _c27cm. |
||
| 500 | _aincludes index. | ||
| 650 | _aBiology. | ||
| 700 | _aHopkins III,Johns W. | ||
| 942 |
_2lcc _cBOOKS _hQH 308.2 .G88 1983 |
||